000 00403nam a2200169Ia 4500
008 210210b1908 xxu||||| |||| 00| 0 eng d
041 _aeng
082 _a444/545
100 _aSAINTE (Beuve)
245 _aTrois portraits litteraires
260 _aLondon
_bAt the Clarendon Press
_c1908
650 _aTrois
650 _aportraits
650 _alitteraires
690 _aFrench
906 _a006739
999 _c129731
_d129731